| 000 | 00610nam a2200193Ia 4500 | ||
|---|---|---|---|
| 999 |
_c4822 _d4822 |
||
| 003 | OSt | ||
| 005 | 20200420170540.0 | ||
| 008 | 191128s1988 ck gr 000 0 spa d | ||
| 040 |
_aCO-JMCR _cCO-JMCR |
||
| 041 | 0 | _aspa | |
| 082 | 0 | 4 |
_a323.4861 / _bL936l _223 |
| 245 | 1 | 3 |
_aLa lucha contra la violencia y la impunidad : _bun empeño democrático / _cPresidencia de la República |
| 260 |
_aBogotá : _bPresidencia de la República, _c1988 |
||
| 300 |
_a17 páginas ; _c22 cm. |
||
| 650 | 1 | 4 |
_aAmnistía Internacional _93297 |
| 650 | 1 | 4 |
_aViolencia _93298 |
| 650 | 1 | 4 |
_aDerechos civiles _93299 |
| 942 |
_2ddc _cBK |
||